[Event "vk18"]
[Site "Vinkovci"]
[Date "2018.07.26"]
[Round "5.7"]
[White "Karaban, Martin-Roko"]
[Black "Muha, Miljenko"]
[Result "0-1"]
[WhiteElo "1435"]
[BlackElo "2362"]
[PlyCount "86"]
[EventDate "2018.07.23"]

1. g3 d5 2. f4 g6 3. Nf3 Bg7 4. Bg2 Nf6 5. O-O O-O 6. Kh1 a5 7. c3 Nbd7 8. d3
Re8 9. Qc2 e5 10. fxe5 Nxe5 11. Bf4 Nxf3 12. exf3 Ra6 13. Na3 Rae6 14. Nb5 c6
15. Bc7 Qe7 16. Bd6 Rxd6 17. Nxd6 Qxd6 18. Rfe1 Rxe1+ 19. Rxe1 Be6 20. Qf2 c5
21. Qf1 Qd7 22. h4 d4 23. c4 Bf8 24. g4 Bd6 25. Bh3 h5 26. Qg2 hxg4 27. fxg4
Bxg4 28. Bxg4 Nxg4 29. Qf3 Ne3 30. Rg1 Qc6 31. Qxc6 bxc6 32. h5 Kg7 33. hxg6
fxg6 34. b3 Kf6 35. Re1 g5 36. Re2 Bf4 37. Kg1 g4 38. a3 g3 39. Rb2 Bd6 40. Ra2
Kf5 41. Rb2 Kf4 42. Rf2+ gxf2+ 43. Kxf2 Nc2 0-1

[Event "vk18"]
[Site "Vinkovci"]
[Date "2018.07.26"]
[Round "5.1"]
[White "Kukas, Oliver"]
[Black "Sos, Fran"]
[Result "1/2-1/2"]
[WhiteElo "2159"]
[BlackElo "2009"]
[PlyCount "41"]
[EventDate "2018.07.23"]

1. Nf3 d5 2. g3 Nf6 3. Bg2 e6 4. O-O Be7 5. d3 b6 6. Nbd2 Bb7 7. e4 dxe4 8. Ng5
Nbd7 9. Ngxe4 Qc8 10. b3 O-O 11. Bb2 Nxe4 12. dxe4 Bf6 13. Bxf6 Nxf6 14. Qe2
Rd8 15. e5 Bxg2 16. Kxg2 Qb7+ 17. Kg1 Nd7 18. Rad1 a5 19. Qf3 Nc5 20. Qxb7 Nxb7
21. Ne4 1/2-1/2

[Event "vk18"]
[Site "Vinkovci"]
[Date "2018.07.26"]
[Round "5.2"]
[White "Novosel, Marko"]
[Black "Dabic, Stjepan"]
[Result "1-0"]
[WhiteElo "2033"]
[BlackElo "2040"]
[PlyCount "73"]
[EventDate "2018.07.23"]

1. e4 c5 2. Nf3 d6 3. d4 cxd4 4. Nxd4 Nf6 5. Nc3 g6 6. g3 Bg7 7. Bg2 O-O 8. h3
a6 9. a4 Qc7 10. O-O Bd7 11. Be3 Nc6 12. Nxc6 Bxc6 13. Qd2 Rfc8 14. f4 b5 15.
axb5 axb5 16. Rxa8 Bxa8 17. Rf2 b4 18. Nd5 Nxd5 19. exd5 Qc4 20. b3 Qc3 21.
Qxc3 Rxc3 22. Re2 Kf8 23. Kf2 Bb7 24. Bb6 Rc8 25. g4 Bc3 26. Be4 Ba6 27. Re3
Rb8 28. Rxc3 bxc3 29. Ba5 e6 30. Bc7 Rc8 31. Bxd6+ Ke8 32. Bb4 Bb7 33. Ke3 exd5
34. Bd3 Kd7 35. Kd4 Ke6 36. f5+ gxf5 37. Bxf5+ 1-0

[Event "vk18"]
[Site "Vinkovci"]
[Date "2018.07.26"]
[Round "5.3"]
[White "Purini, Bruno"]
[Black "Ghersinich, Enrico"]
[Result "0-1"]
[WhiteElo "1465"]
[BlackElo "2180"]
[PlyCount "56"]
[EventDate "2018.07.23"]

1. d4 d5 2. Bf4 Nf6 3. e3 c5 4. c3 Nc6 5. Nf3 Qb6 6. Qb3 c4 7. Qxb6 axb6 8.
Nbd2 b5 9. Be2 Bf5 10. O-O b4 11. Ne5 e6 12. Nxc6 bxc6 13. cxb4 Bxb4 14. Nf3
Nh5 15. Bg3 Nxg3 16. hxg3 h6 17. Rfc1 f6 18. Nh4 Bh7 19. Bh5+ Kd7 20. Bg6 Bxg6
21. Nxg6 Rhb8 22. Kf1 c5 23. dxc5 Bxc5 24. Rc2 Rb5 25. e4 Bd4 26. Rd1 Rxb2 27.
Rxb2 Bxb2 28. Nf4 d4 0-1

[Event "vk18"]
[Site "Vinkovci"]
[Date "2018.07.26"]
[Round "5.4"]
[White "Jakrlin, Mihael"]
[Black "Karlusic, Luka"]
[Result "1-0"]
[WhiteElo "1827"]
[BlackElo "1836"]
[PlyCount "87"]
[EventDate "2018.07.23"]

1. Nf3 d5 2. g3 Nf6 3. Bg2 c6 4. O-O Bg4 5. d4 Nbd7 6. Nbd2 e6 7. Re1 Nb6 8. e4
Be7 9. c3 O-O 10. e5 Nfd7 11. h3 Bh5 12. g4 Bg6 13. Nf1 Be4 14. Ng3 Bxf3 15.
Bxf3 c5 16. Qd3 cxd4 17. cxd4 Bg5 18. Bd1 Bxc1 19. Rxc1 Re8 20. f4 Rc8 21. Bc2
Nf8 22. f5 f6 23. b3 Nbd7 24. exf6 Nxf6 25. Re2 h6 26. Rce1 exf5 27. Rxe8 Nxe8
28. Nxf5 Rc7 29. Qe2 Nf6 30. Bb1 N6h7 31. Ne7+ Kh8 32. Ng6+ Kg8 33. Bf5 Nxg6
34. Qe6+ Kh8 35. Qxg6 Nf6 36. h4 Re7 37. Rc1 Rc7 38. Rf1 Qg8 39. g5 Nh7 40. Re1
Nf8 41. Qd6 Rc6 42. Qd8 Qf7 43. Rf1 g6 44. Bxg6 1-0

[Event "vk18"]
[Site "Vinkovci"]
[Date "2018.07.26"]
[Round "5.5"]
[White "Cotic, Borna"]
[Black "Birkic, Josip"]
[Result "1-0"]
[WhiteElo "2047"]
[BlackElo "1823"]
[PlyCount "169"]
[EventDate "2018.07.23"]

1. e4 c6 2. d4 d5 3. Nc3 dxe4 4. Nxe4 Bf5 5. Ng3 Bg6 6. h4 h6 7. Nf3 Nd7 8. h5
Bh7 9. Bd3 Bxd3 10. Qxd3 e6 11. Bd2 Ngf6 12. O-O-O Bd6 13. Ne4 Nxe4 14. Qxe4
Nf6 15. Qe2 Qe7 16. Kb1 O-O-O 17. c4 Rhe8 18. Bc3 Bc7 19. b3 Qa3 20. Ne1 Qf8
21. Nd3 a5 22. Rhe1 Nd7 23. g3 Bb6 24. f4 c5 25. dxc5 Nxc5 26. Nxc5 Qxc5 27.
Bxg7 Qf5+ 28. Qc2 Qxh5 29. Bf6 Rxd1+ 30. Rxd1 Qg6 31. Qxg6 fxg6 32. Rh1 h5 33.
Rd1 Bf2 34. Rd3 Bc5 35. Kc2 Kc7 36. Kd2 Kc6 37. Ke2 Bd6 38. Re3 b6 39. Kf3 Bc5
40. Re2 Kd7 41. Rd2+ Kc6 42. Ke4 Bb4 43. Rd3 Ba3 44. Rd2 Bb4 45. Rd3 Ba3 46.
Be5 Bb4 47. Bb2 Bf8 48. Rd1 Kc7 49. Bf6 Bb4 50. g4 hxg4 51. Rg1 Be7 52. Bxe7
Rxe7 53. Rxg4 Kd6 54. Rxg6 Rf7 55. Rg5 Rf6 56. a3 Rh6 57. b4 axb4 58. axb4 Rf6
59. Rh5 Rg6 60. Rg5 Rh6 61. Rg8 Rh5 62. Rd8+ Kc7 63. Rd3 Kc6 64. Rg3 Rh6 65.
Ke5 Rh4 66. Rg6 Kd7 67. Rg7+ Kd8 68. Kd6 Kc8 69. Rg8+ Kb7 70. Rf8 Rh6 71. Rf7+
Kc8 72. Re7 Rf6 73. Ke5 Rf5+ 74. Ke4 Rf6 75. c5 bxc5 76. bxc5 Kd8 77. Rg7 Rf5
78. Rg5 Rf7 79. Ke5 Kd7 80. Rh5 Kc6 81. Rh4 Kd7 82. c6+ Ke7 83. Rh5 Kd8 84. Kd6
Rf8 85. Ra5 1-0

[Event "vk18"]
[Site "Vinkovci"]
[Date "2018.07.26"]
[Round "5.6"]
[White "Simic, Pavo"]
[Black "Duda, Daniel"]
[Result "1/2-1/2"]
[WhiteElo "1599"]
[BlackElo "2019"]
[PlyCount "120"]
[EventDate "2018.07.23"]

1. d4 d5 2. Bf4 Nf6 3. Nf3 c5 4. c3 Qb6 5. Qc2 Nc6 6. e3 g6 7. Nbd2 Bg7 8. dxc5
Qxc5 9. Nb3 Qb6 10. Nbd4 O-O 11. Nb5 Bf5 12. Qb3 Rac8 13. Nbd4 Nd7 14. Nxf5
gxf5 15. Rd1 e5 16. Bg3 Qxb3 17. axb3 Nb6 18. Be2 Rfe8 19. O-O f4 20. Bh4 fxe3
21. fxe3 Bh6 22. Bg5 Bxg5 23. Nxg5 Re7 24. Bh5 Rf8 25. Rf6 Kg7 26. Rdf1 Nd8 27.
R6f5 f6 28. R1f3 Ne6 29. Nxe6+ Rxe6 30. Rg3+ Kh8 31. Rgf3 Nd7 32. Bg4 Nc5 33.
Rh5 Re7 34. Rh6 Nxb3 35. Rhxf6 Rxf6 36. Rxf6 Nd2 37. Be2 Ne4 38. Rf8+ Kg7 39.
Rd8 Nf6 40. h3 Rd7 41. Rxd7+ Nxd7 42. g4 Nc5 43. Bd1 a5 44. Bc2 e4 45. b4 axb4
46. cxb4 Na6 47. b5 Nc7 48. Bb3 Kf6 49. b6 Nb5 50. Bxd5 Nd6 51. h4 Ke5 52. Bg8
h6 53. Kf2 Nc8 54. g5 hxg5 55. h5 Nxb6 56. h6 Kf6 57. Bh7 Nd7 58. Bxe4 b5 59.
Bc6 Ne5 60. Bxb5 Kg6 1/2-1/2

[Event "vk18"]
[Site "Vinkovci"]
[Date "2018.07.26"]
[Round "5.7"]
[White "Jurakic, Lukas"]
[Black "Damjanovic, Stjepan"]
[Result "1-0"]
[WhiteElo "1755"]
[BlackElo "1716"]
[PlyCount "91"]
[EventDate "2018.07.23"]

1. e4 e5 2. Nf3 Nc6 3. Bb5 a6 4. Ba4 Nf6 5. O-O b5 6. Bb3 Be7 7. Re1 d6 8. c3
O-O 9. h3 Nb8 10. d4 Nbd7 11. Nbd2 Bb7 12. Bc2 Re8 13. Nf1 Bf8 14. Ng3 g6 15.
Bd2 Bg7 16. Qc1 c5 17. d5 c4 18. Bh6 Qe7 19. Bxg7 Kxg7 20. Re3 a5 21. Qd2 a4
22. a3 Nc5 23. Rf1 Nfd7 24. Ne1 Qh4 25. Ne2 Qh6 26. f4 f6 27. f5 Nb3 28. Bxb3
axb3 29. Ng3 Nc5 30. Qf2 g5 31. Nf3 Nd3 32. Rxd3 cxd3 33. Qb6 Re7 34. Qxd6 Rae8
35. Qb6 g4 36. hxg4 Bxd5 37. exd5 e4 38. g5 fxg5 39. f6+ Kf7 40. Nxg5+ Qxg5 41.
fxe7+ Kg8 42. Nxe4 Qxe7 43. Nf6+ Kh8 44. Nxe8 d2 45. Qf6+ Qxf6 46. Nxf6 1-0

[Event "vk18"]
[Site "Vinkovci"]
[Date "2018.07.26"]
[Round "5.8"]
[White "Zekic, Patrik"]
[Black "Simunic, Krunoslav"]
[Result "1/2-1/2"]
[WhiteElo "1579"]
[BlackElo "2053"]
[PlyCount "51"]
[EventDate "2018.07.23"]

1. d4 d5 2. Nf3 Nf6 3. c4 e6 4. Bg5 Be7 5. e3 h6 6. Bxf6 Bxf6 7. Bd3 O-O 8. Nc3
b6 9. cxd5 exd5 10. O-O Be6 11. Rc1 Qe7 12. Re1 Rd8 13. h3 Qf8 14. Nb5 Na6 15.
Nxc7 Nxc7 16. Rxc7 Qb4 17. Qd2 Qd6 18. Rec1 Rdc8 19. Rxc8+ Rxc8 20. Rxc8+ Bxc8
21. Qc3 Be6 22. b4 Qd7 23. b5 Bf5 24. Bxf5 Qxf5 25. Qb3 h5 26. Ne1 1/2-1/2

[Event "vk18"]
[Site "Vinkovci"]
[Date "2018.07.26"]
[Round "5.1"]
[White "Golub, Nikolina"]
[Black "Zuteg, Dorotea"]
[Result "1-0"]
[WhiteElo "1917"]
[BlackElo "1471"]
[PlyCount "307"]
[EventDate "2018.07.23"]

1. d4 d6 2. e4 g6 3. Nf3 Bg7 4. Nc3 a6 5. a4 Nd7 6. h3 b6 7. Bc4 h6 8. Qe2 Bb7
9. O-O e5 10. d5 Ne7 11. Nh2 O-O 12. f4 f5 13. exf5 Nxf5 14. Qg4 Qf6 15. Ne4
Qf7 16. Qd1 exf4 17. Rxf4 Rae8 18. Ng3 Bd4+ 19. Rxd4 Nxg3 20. Ng4 Nf5 21. Nxh6+
Nxh6 22. Bxh6 Qf2+ 23. Kh2 Rf6 24. Qd2 Qf5 25. Bf4 Ne5 26. Be2 c5 27. dxc6 Nxc6
28. Bg4 Qc5 29. Rxd6 Rxd6 30. Bxd6 Rd8 31. Bxc5 Rxd2 32. Bxb6 Rxc2 33. Be6+ Kg7
34. Bd5 Rxb2 35. Bxc6 Rxb6 36. Bxb7 Rxb7 37. Kg3 Rb3+ 38. Kf4 Kf6 39. a5 Rb5
40. Ra4 Rh5 41. Kf3 Ke6 42. Ke3 Kd6 43. Rg4 g5 44. Kd4 Kc6 45. Kc4 Rh4 46. g3
Rxg4+ 47. hxg4 Kd6 48. Kd4 Kc6 49. Ke5 Kb5 50. Kf5 Kxa5 51. Kxg5 Kb4 52. Kf5 a5
53. g5 a4 54. g6 a3 55. g7 a2 56. g8=Q a1=Q 57. Qb8+ Kc5 58. Qc7+ Kb4 59. Qb8+
Kc4 60. Qc7+ Kb4 61. Qd6+ Kc4 62. Qf4+ Kb3 63. Qe3+ Kb4 64. Qe4+ Kb3 65. Qd5+
Kb4 66. Qe4+ Kb3 67. g4 Qf1+ 68. Kg5 Qc1+ 69. Kg6 Qc7 70. g5 Qd6+ 71. Kh5 Qh2+
72. Kg4 Qg1+ 73. Kf5 Qf2+ 74. Qf4 Qc5+ 75. Qe5 Qf2+ 76. Kg6 Qc2+ 77. Kg7 Qc6
78. g6 Qd7+ 79. Kf8 Qd8+ 80. Qe8 Qd6+ 81. Kg8 Kc3 82. Qe3+ Kc4 83. g7 Qd8+ 84.
Kh7 Qh4+ 85. Qh6 Qe4+ 86. Kh8 Qe5 87. Kh7 Qe4+ 88. Qg6 Qh4+ 89. Kg8 Qd8+ 90.
Kf7 Qd7+ 91. Kf8 Qd8+ 92. Qe8 Qd6+ 93. Qe7 Qb8+ 94. Kf7 Qf4+ 95. Ke6 Qe4+ 96.
Kd6 Qd5+ 97. Kc7 Qa5+ 98. Kd7 Qb5+ 99. Ke6 Qd5+ 100. Kf6 Qf3+ 101. Kg6 Qg4+
102. Qg5 Qe6+ 103. Kh7 Qh3+ 104. Qh6 Qf5+ 105. Kh8 Qe5 106. Qg6 Kd5 107. Qf7+
Kc5 108. Kg8 Kb5 109. Kf8 Qd6+ 110. Qe7 Qf4+ 111. Kg8 Qc4+ 112. Qf7 Qc8+ 113.
Kh7 Qh3+ 114. Kg6 Qg4+ 115. Kf6 Qf4+ 116. Ke6 Qe4+ 117. Kd6 Qc6+ 118. Ke5 Qc3+
119. Kf4 Qd4+ 120. Kf3 Qd3+ 121. Kf2 Qd2+ 122. Kg3 Qe1+ 123. Kg4 Qg1+ 124. Kh5
Qh2+ 125. Kg6 Qg3+ 126. Kh7 Qh4+ 127. Kg8 Qd8+ 128. Qf8 Qd5+ 129. Kh7 Qh5+ 130.
Kg8 Qd5+ 131. Qf7 Qd8+ 132. Kh7 Qh4+ 133. Kg6 Qg4+ 134. Kf6 Qf4+ 135. Ke7 Qc7+
136. Kf8 Qd6+ 137. Qe7 Qf4+ 138. Ke8 Qb8+ 139. Qd8 Qe5+ 140. Qe7 Qb8+ 141. Kf7
Qf4+ 142. Qf6 Qc4+ 143. Qe6 Qf4+ 144. Ke7 Qg5+ 145. Kf8 Qc5+ 146. Ke8 Qh5+ 147.
Kd7 Qh7 148. Qe5+ Kc4 149. Kd6 Kb4 150. Qd4+ Ka3 151. Qc3+ Ka4 152. Qc4+ Ka5
153. g8=Q Qh2+ 154. Kc6 1-0

[Event "vk18"]
[Site "Vinkovci"]
[Date "2018.07.26"]
[Round "5.2"]
[White "Smetisko, Marija"]
[Black "Muha, Magdalena"]
[Result "1-0"]
[WhiteElo "1852"]
[BlackElo "1641"]
[PlyCount "65"]
[EventDate "2018.07.23"]

1. e4 e6 2. d4 d5 3. exd5 exd5 4. Nc3 Nf6 5. Bg5 Be7 6. Bd3 Nc6 7. Nge2 Be6 8.
Qd2 a6 9. a3 Qd7 10. f3 h6 11. Be3 g5 12. O-O-O O-O-O 13. Ng3 Nh7 14. Nce2 f5
15. f4 g4 16. Rde1 Nf6 17. Nc3 h5 18. Bf2 Ne4 19. Bxe4 dxe4 20. Nge2 Bf6 21.
Rd1 Ne7 22. Rhe1 h4 23. Qe3 Kb8 24. d5 b6 25. dxe6 Qxe6 26. Nd4 Qf7 27. Qe2 Kb7
28. Kb1 c5 29. Nxf5 Bxc3 30. Qxe4+ Kb8 31. Rxd8+ Rxd8 32. Qxe7 Qxe7 33. Rxe7
1-0

[Event "vk18"]
[Site "Vinkovci"]
[Date "2018.07.26"]
[Round "5.3"]
[White "Koksa, Jelena"]
[Black "Dasic, Jelena"]
[Result "0-1"]
[WhiteElo "1707"]
[BlackElo "1741"]
[PlyCount "64"]
[EventDate "2018.07.23"]

1. e4 c5 2. Nf3 d6 3. d4 cxd4 4. Nxd4 Nf6 5. Nc3 a6 6. f3 e6 7. Be3 b5 8. a3
Bb7 9. Qd2 Nbd7 10. O-O-O Rc8 11. g4 Nb6 12. g5 Nfd7 13. f4 Nc5 14. Qg2 Nba4
15. Nde2 Qc7 16. Bxc5 Qxc5 17. Rd2 Nxb2 18. Kxb2 b4 19. Nb1 bxa3+ 20. Ka1 d5
21. Qg3 dxe4 22. Bg2 e3 23. Bxb7 Qb6 24. Nxa3 Qxb7 25. Rdd1 Bxa3 26. Rb1 Qe4
27. c3 Qa4 28. Rb7 Bb4+ 29. Kb2 Qa3+ 30. Kb1 Qb3+ 31. Ka1 Bxc3+ 32. Nxc3 Qxb7
0-1

[Event "vk18"]
[Site "Vinkovci"]
[Date "2018.07.26"]
[Round "6.1"]
[White "Kukas, Oliver"]
[Black "Novosel, Marko"]
[Result "1-0"]
[WhiteElo "2159"]
[BlackElo "2033"]
[PlyCount "71"]
[EventDate "2018.07.23"]

1. Nf3 Nf6 2. g3 e6 3. Bg2 d5 4. O-O Be7 5. d3 O-O 6. Nbd2 c5 7. e4 dxe4 8.
dxe4 b6 9. e5 Nd5 10. Ne1 Ba6 11. c4 Nc6 12. Qa4 Na5 13. cxd5 exd5 14. Qg4 Rb8
15. Nef3 Bxf1 16. Nxf1 f5 17. exf6 Bxf6 18. Ng5 Bxg5 19. Bxg5 Qe8 20. Bxd5+ Kh8
21. Bf4 Rd8 22. Ne3 Qg6 23. Qxg6 hxg6 24. h4 Kh7 25. Bg5 Rd7 26. Rd1 b5 27.
Bg8+ Kxg8 28. Rxd7 Nc6 29. Bf4 c4 30. Kg2 a5 31. Rc7 Nd8 32. Rc8 Ne6 33. Rxf8+
Kxf8 34. Be5 Kf7 35. Bc3 a4 36. a3 1-0

[Event "vk18"]
[Site "Vinkovci"]
[Date "2018.07.26"]
[Round "6.2"]
[White "Ghersinich, Enrico"]
[Black "Jakrlin, Mihael"]
[Result "1/2-1/2"]
[WhiteElo "2180"]
[BlackElo "1827"]
[PlyCount "122"]
[EventDate "2018.07.23"]

1. d4 Nf6 2. g4 Nxg4 3. e4 Nf6 4. e5 Ng8 5. Nc3 d6 6. Nf3 e6 7. Rg1 h6 8. Bf4
d5 9. Qd2 a6 10. Ne2 c5 11. dxc5 Nc6 12. O-O-O Qa5 13. Nc3 Nge7 14. Bh3 Bd7 15.
Nd4 Nxd4 16. Qxd4 Nc6 17. Qd3 Nb4 18. Qf3 Nxa2+ 19. Nxa2 Qxa2 20. Qc3 Rc8 21.
Be3 b6 22. b4 a5 23. Qb2 Qxb2+ 24. Kxb2 bxc5 25. bxa5 Bb5 26. Ra1 Ra8 27. c3
Kd7 28. Kc2 g6 29. Bf1 c4 30. Be2 Kc6 31. Ra2 Bc5 32. Bd4 Rhb8 33. Rb1 Bxd4 34.
cxd4 Ba6 35. Rab2 Rxb2+ 36. Rxb2 Bb5 37. Ra2 Kb7 38. Kc3 Ka6 39. Kb4 Rc8 40.
Ra3 Be8 41. Ra2 Kb7 42. Bd1 Rc7 43. h4 h5 44. f4 Bd7 45. Bc2 Ka7 46. Ra3 Bc8
47. Ba4 Ba6 48. Be8 Kb8 49. Ba4 Kc8 50. Bd1 Kd8 51. Ra2 c3 52. Bb3 Bd3 53. a6
Bxa6 54. Rxa6 c2 55. Ra8+ Ke7 56. Ba4 f6 57. Bxc2 Rxc2 58. Ra7+ Kf8 59. Ra8+
Kf7 60. Ra7+ Kf8 61. Ra8+ Kf7 1/2-1/2

[Event "vk18"]
[Site "Vinkovci"]
[Date "2018.07.26"]
[Round "6.3"]
[White "Sos, Fran"]
[Black "Jurakic, Lukas"]
[Result "0-1"]
[WhiteElo "2009"]
[BlackElo "1755"]
[PlyCount "92"]
[EventDate "2018.07.23"]

1. d4 Nf6 2. c4 g6 3. f3 Bg7 4. e4 d6 5. Nc3 O-O 6. Be3 c5 7. Nge2 Nc6 8. Qd2
a6 9. d5 Ne5 10. Ng3 h5 11. Bd3 e6 12. O-O h4 13. Nh1 exd5 14. exd5 Nh7 15. Be2
Re8 16. Nf2 f5 17. Rae1 Nf7 18. f4 Bd7 19. a3 Qa5 20. g3 hxg3 21. hxg3 Re7 22.
Bd3 Rae8 23. g4 fxg4 24. Bxg6 Nf6 25. Nd3 Qd8 26. f5 Rf8 27. Qh2 Be8 28. Nf4
Ng5 29. Ne6 Nxe6 30. Bxe8 Nd4 31. Bg6 Nf3+ 32. Rxf3 gxf3 33. Qg3 Re5 34. Qxf3
Qe7 35. Kf2 Rd8 36. Qh3 Rf8 37. Rg1 Rf7 38. Bh6 Ne8 39. Qh5 b6 40. Bf4 Rexf5
41. Bxf5 Qf6 42. Rg5 Qd4+ 43. Be3 Qe5 44. Qf3 Qh2+ 45. Ke1 Kf8 46. Ne2 Qh4+ 0-1

[Event "vk18"]
[Site "Vinkovci"]
[Date "2018.07.26"]
[Round "6.4"]
[White "Duda, Daniel"]
[Black "Cotic, Borna"]
[Result "1/2-1/2"]
[WhiteElo "2019"]
[BlackElo "2047"]
[PlyCount "93"]
[EventDate "2018.07.23"]

1. d4 Nf6 2. c4 e6 3. Nc3 Bb4 4. e3 O-O 5. Bd3 d5 6. Nf3 c5 7. O-O dxc4 8. Bxc4
cxd4 9. exd4 b6 10. Bg5 Bb7 11. Re1 Nbd7 12. Rc1 Rc8 13. Bd3 Be7 14. Qe2 h6 15.
Bh4 Re8 16. Bb5 Nd5 17. Bg3 Nxc3 18. bxc3 Rf8 19. d5 Bxd5 20. Red1 Ba3 21. Rc2
Nf6 22. Ba6 Ra8 23. Bb7 Bxb7 24. Rxd8 Raxd8 25. Nd4 Bc5 26. Be5 Nd7 27. Bg3 Nf6
28. h3 Rd5 29. Nb3 Be7 30. Rd2 Rfd8 31. Rxd5 Rxd5 32. Bb8 a6 33. Qe3 Nd7 34.
Bc7 h5 35. f3 Rb5 36. c4 Bc5 37. Nxc5 Rxc5 38. Bxb6 Rxc4 39. Qd2 Bd5 40. Bf2
Nc5 41. Qg5 Nd3 42. Be3 h4 43. Qd8+ Kh7 44. Qe7 Ne5 45. Qg5 Ng6 46. Qh5+ Kg8
47. Qg5 1/2-1/2

[Event "vk18"]
[Site "Vinkovci"]
[Date "2018.07.26"]
[Round "6.5"]
[White "Dabic, Stjepan"]
[Black "Borzan, Andrej"]
[Result "1-0"]
[WhiteElo "2040"]
[BlackElo "1811"]
[PlyCount "103"]
[EventDate "2018.07.23"]

1. d4 d5 2. c4 e6 3. Nc3 Nf6 4. cxd5 exd5 5. Bg5 Be7 6. e3 Be6 7. Bd3 h6 8. Bh4
O-O 9. Nge2 Nbd7 10. O-O c5 11. Rc1 Rc8 12. Bb1 Re8 13. f3 cxd4 14. Nxd4 Qb6
15. Qd2 Ne5 16. Qe2 Nc4 17. b3 Ne5 18. Na4 Qb4 19. Be1 Qd6 20. Bg3 Nh5 21. Bxe5
Qxe5 22. Rxc8 Rxc8 23. f4 Nxf4 24. Rxf4 Bg5 25. Nf3 Rc1+ 26. Kf2 Qa1 27. Bd3
Bxf4 28. exf4 Rc8 29. Qb2 Qd1 30. Qd2 Qa1 31. Qb2 Qd1 32. Qd4 Qc1 33. f5 Bd7
34. Qxa7 Bxa4 35. Qxa4 Qb2+ 36. Kg3 Qc3 37. Qd7 Qc6 38. Qxc6 bxc6 39. Kf4 Ra8
40. a4 Rb8 41. Nd2 f6 42. a5 Kf7 43. a6 Ke7 44. Kg4 Kd6 45. Kh5 Ra8 46. Kg6 Ra7
47. b4 c5 48. bxc5+ Kxc5 49. Nb3+ Kb4 50. Nd4 Ra8 51. Bf1 Kc3 52. Nb5+ 1-0

[Event "vk18"]
[Site "Vinkovci"]
[Date "2018.07.26"]
[Round "6.6"]
[White "Mazuran, Gabrijel"]
[Black "Simic, Pavo"]
[Result "1/2-1/2"]
[WhiteElo "1887"]
[BlackElo "1599"]
[PlyCount "74"]
[EventDate "2018.07.23"]

1. d4 d5 2. Nf3 e6 3. c4 c6 4. Nc3 Nf6 5. Bg5 Be7 6. e3 h6 7. Bh4 Nbd7 8. Rc1
Qb6 9. Bxf6 Nxf6 10. Qc2 Bb4 11. Bd3 O-O 12. O-O Bxc3 13. Qxc3 dxc4 14. Bxc4
Nd5 15. Qd2 Qd8 16. Bd3 Ne7 17. Bb1 Nf5 18. Qd3 g6 19. e4 Ne7 20. Ne5 f6 21.
Nc4 b5 22. Nd2 f5 23. Nb3 Qb6 24. Nc5 Rd8 25. Rfd1 Kg7 26. Qg3 Qb8 27. Qb3 Qd6
28. e5 Qd5 29. Qe3 Rf8 30. f4 Kf7 31. a3 Rg8 32. h4 a5 33. Bd3 Qd8 34. Be2 Nd5
35. Qd2 Qxh4 36. Nd3 Bb7 37. Bf3 Rgd8 1/2-1/2

[Event "vk18"]
[Site "Vinkovci"]
[Date "2018.07.26"]
[Round "6.7"]
[White "Karlusic, Luka"]
[Black "Levacic, Matej"]
[Result "0-1"]
[WhiteElo "1836"]
[BlackElo "1855"]
[PlyCount "80"]
[EventDate "2018.07.23"]

1. d4 Nf6 2. c4 e6 3. Nf3 Bb4+ 4. Bd2 Qe7 5. Nc3 O-O 6. e3 d6 7. Be2 b6 8. O-O
Bb7 9. a3 Bxc3 10. Bxc3 Ne4 11. Qc2 Nd7 12. Nd2 f5 13. f3 Nxc3 14. Qxc3 e5 15.
d5 Rf6 16. e4 f4 17. b4 Rh6 18. Rf2 Qh4 19. Nf1 Kh8 20. Bd1 g5 21. Qc2 Nf6 22.
h3 Rg8 23. Nh2 Rhg6 24. Ra2 Bc8 25. Ng4 Nh5 26. c5 Ng3 27. cxd6 cxd6 28. Nh2 h5
29. Rf1 Nxf1 30. Kxf1 Qg3 31. Kg1 Qe1+ 32. Nf1 g4 33. hxg4 hxg4 34. Qd2 Qh4 35.
Nh2 g3 36. Ng4 Bxg4 37. fxg4 Qh2+ 38. Kf1 Qh1+ 39. Ke2 Qxg2+ 40. Kd3 Qxd2+ 0-1

[Event "vk18"]
[Site "Vinkovci"]
[Date "2018.07.26"]
[Round "6.8"]
[White "Alfirevic, Duje"]
[Black "Purini, Bruno"]
[Result "1/2-1/2"]
[WhiteElo "1643"]
[BlackElo "1465"]
[PlyCount "91"]
[EventDate "2018.07.23"]

1. e4 e5 2. Nf3 Nc6 3. Bc4 Bc5 4. c3 Nf6 5. d3 d6 6. Nbd2 Be6 7. O-O O-O 8. a4
a5 9. h3 Qd7 10. Bxe6 fxe6 11. Nc4 Nh5 12. Be3 Bxe3 13. fxe3 Ng3 14. Rf2 Qf7
15. Qb3 Rab8 16. Qc2 Qg6 17. Ncd2 Rf6 18. Nf1 Rbf8 19. Nxg3 Qxg3 20. Raf1 Rh6
21. Kh1 Rff6 22. Nh2 Kf7 23. Rf3 Qg5 24. Qb3 Ke7 25. Qxb7 Kd7 26. Qb3 Rxf3 27.
Rxf3 Rf6 28. Qd1 h5 29. Rxf6 gxf6 30. Qf3 Ne7 31. Nf1 d5 32. Nd2 Qh4 33. Qe2 f5
34. exd5 Qxa4 35. dxe6+ Kxe6 36. Nc4 e4 37. dxe4 fxe4 38. Na3 h4 39. Kg1 Nf5
40. Kf2 Qd7 41. Nc2 c5 42. Qc4+ Kf6 43. Qxe4 Qd2+ 44. Kg1 Qc1+ 45. Kh2 Qxb2 46.
Qc6+ 1/2-1/2

[Event "vk18"]
[Site "Vinkovci"]
[Date "2018.07.26"]
[Round "6.1"]
[White "Dasic, Jelena"]
[Black "Golub, Nikolina"]
[Result "0-1"]
[WhiteElo "1741"]
[BlackElo "1917"]
[PlyCount "58"]
[EventDate "2018.07.23"]

1. d4 Nf6 2. Nf3 e6 3. Bf4 c5 4. e3 Be7 5. c3 b6 6. Nbd2 O-O 7. Bd3 Bb7 8. e4
cxd4 9. cxd4 d6 10. O-O Ba6 11. Bxa6 Nxa6 12. Qa4 Nb8 13. d5 exd5 14. exd5 Nxd5
15. Qe4 Nc7 16. Nd4 Bf6 17. N2f3 d5 18. Qf5 Nba6 19. Rfe1 Qc8 20. Qh5 Ne6 21.
Bd6 Nxd4 22. Nxd4 Bxd4 23. Bxf8 Qxf8 24. Qxd5 Bxb2 25. Rab1 Bf6 26. a4 Nc5 27.
a5 Rd8 28. Qf5 Bc3 29. Red1 Bxa5 0-1

[Event "vk18"]
[Site "Vinkovci"]
[Date "2018.07.26"]
[Round "6.2"]
[White "Zuteg, Dorotea"]
[Black "Smetisko, Marija"]
[Result "0-1"]
[WhiteElo "1471"]
[BlackElo "1852"]
[PlyCount "118"]
[EventDate "2018.07.23"]

1. d4 Nf6 2. Nf3 g6 3. Bg5 d5 4. Nbd2 Bg7 5. e3 O-O 6. Bd3 Nbd7 7. O-O c5 8. c3
c4 9. Bc2 b5 10. e4 Bb7 11. Re1 Re8 12. e5 Ng4 13. h3 Nh6 14. e6 Nf6 15. Bxh6
Bxh6 16. exf7+ Kxf7 17. Ne5+ Kg8 18. Ndf3 Qd6 19. Qe2 Ne4 20. Bxe4 dxe4 21. Nd2
Bxd2 22. Qxd2 Rad8 23. Qe3 Rf8 24. a4 a6 25. axb5 axb5 26. Ra5 Qb6 27. Rea1 Kg7
28. Qg5 Qf6 29. Qxf6+ exf6 30. Rxb5 fxe5 31. Rxb7+ Rf7 32. Raa7 Rxb7 33. Rxb7+
Kf6 34. dxe5+ Kxe5 35. Rxh7 Rd1+ 36. Kh2 Rd2 37. Re7+ Kf4 38. Rf7+ Ke5 39. Kg3
Rxb2 40. Re7+ Kd5 41. Rd7+ Kc5 42. Rc7+ Kd5 43. Rd7+ Kc5 44. Rd4 Rc2 45. Rxe4
Rxc3+ 46. Kf4 Rc2 47. Ke3 Kd5 48. Rd4+ Kc5 49. Rd2 Rc1 50. Ke2 Kb5 51. f4 Kb4
52. Rd1 Rc2+ 53. Rd2 Kb3 54. Kd1 Rxd2+ 55. Kxd2 Kb2 56. g4 c3+ 57. Kd3 c2 58.
f5 c1=Q 59. f6 Qc3+ 0-1

[Event "vk18"]
[Site "Vinkovci"]
[Date "2018.07.26"]
[Round "6.3"]
[White "Dejanovic, Tereza"]
[Black "Maroslavac, Ivana"]
[Result "1/2-1/2"]
[WhiteElo "1818"]
[BlackElo "1791"]
[PlyCount "125"]
[EventDate "2018.07.23"]

1. e4 e5 2. Nf3 Nc6 3. Bb5 a6 4. Ba4 Nf6 5. O-O Be7 6. Re1 b5 7. Bb3 d6 8. c3
O-O 9. h3 Nb8 10. d4 Nbd7 11. Nbd2 Bb7 12. Bc2 Re8 13. Nf1 Bf8 14. d5 c6 15.
dxc6 Bxc6 16. Bg5 Qc7 17. Ng3 h6 18. Bd2 g6 19. Nh2 Kh7 20. h4 Rad8 21. a4 Nc5
22. axb5 axb5 23. Qf3 Bg7 24. Ng4 Nxg4 25. Qxg4 Qd7 26. Qxd7 Rxd7 27. h5 Ne6
28. Ra6 Rc8 29. Rea1 Nc5 30. hxg6+ fxg6 31. R6a3 Rdd8 32. f3 Ra8 33. Nf1 Bf6
34. Kf2 Rxa3 35. Rxa3 Ra8 36. Rxa8 Bxa8 37. Ne3 Bg5 38. Ke2 Ne6 39. g3 Bxe3 40.
Bxe3 h5 41. Ba7 Nc7 42. Bb8 Ne8 43. Bb3 Kg7 44. c4 Bc6 45. c5 dxc5 46. Bxe5+
Kf8 47. Bf4 c4 48. Bc2 Kf7 49. b3 cxb3 50. Bxb3+ Ke7 51. Bg5+ Kf8 52. e5 Nc7
53. Bd2 Bd5 54. Bxd5 Nxd5 55. Kd3 Kf7 56. Kd4 Ke6 57. f4 Ne7 58. Kc5 g5 59.
fxg5 Kxe5 60. Bf4+ Kf5 61. Kxb5 Ng6 62. Bb8 Kxg5 63. Kc5 1/2-1/2

[Event "vk18"]
[Site "Vinkovci"]
[Date "2018.07.26"]
[Round "6.1"]
[White "Radenic, Filip"]
[Black "Toplak, Juraj"]
[Result "1-0"]
[WhiteElo "2166"]
[BlackElo "2017"]
[PlyCount "47"]
[EventDate "2018.07.23"]

1. c4 b6 2. Nc3 Bb7 3. e4 e5 4. g3 f5 5. Bg2 Nf6 6. d3 fxe4 7. dxe4 Bb4 8. Bd2
O-O 9. Qe2 Nc6 10. Nh3 Nd4 11. Qd3 a5 12. O-O Bc5 13. Kh1 d6 14. Rae1 Qd7 15.
f4 Rae8 16. f5 Qc8 17. Nf2 g6 18. g4 gxf5 19. gxf5 Kf7 20. Nh3 Rg8 21. Ng5+ Ke7
22. Nd5+ Bxd5 23. exd5 Bb4 24. Qxd4 1-0